Carregant...
Vedantasara ed by V Krishnamacharya and tr into english by M B Narasim,ha Ayyangar /
| Autor principal: | |
|---|---|
| Idioma: | Undetermined |
| Publicat: |
1953
|
| LEADER | 00416nam a2200121Ia 4500 | ||
|---|---|---|---|
| 001 | 76832 | ||
| 008 | 170722s9999 xx 000 0 und d | ||
| 100 | |a Ramanuja | ||
| 245 | |a Vedantasara ed by V Krishnamacharya and tr into english by M B Narasim,ha Ayyangar / | ||
| 260 | |c 1953 | ||
| 942 | |c GEN | ||
| 999 | |c 18740 |d 18740 | ||
| 952 | |0 0 |1 0 |4 0 |6 R_672X21_J3 |7 0 |8 LC1 |9 22202 |a LIB |b LIB |d 2017-08-12 |o R672x2,1 J3 |p 45843 |r 2017-08-12 |w 2017-08-12 |y GEN | ||